Quizzes
Events
Quiz Creation
Community
Videos
Private Events
Remove Ads
Sign In
Join for FREE
Feedback
Dark Mode
Quiz Categories
Sports
Geography
Music
Movies
Television
Just For Fun
Miscellaneous
History
Literature
Language
Science
Gaming
Entertainment
Religion
Holiday
For Kids
Quiz Lab
Recent
Popular Today
Quiz Kudos Today
Editor Picks
Curator Picks
Quizzes by...
Day
Popularity
Type
Ratings
Length
Year
Community
Subscriptions
Recent Discussions
Orange Saloon
Badges
Playlists
Quests
Create
Leaderboards
Showdown
Live 5
Trivia Bingo
Activity
Puzzle Library
Sporcle Events
Private Events
Virtual Trivia
Globe League
Become a Host
Pub Owners
SporcleCon
Opinionation
Our Games
Videos
Blog
Mobile Apps
Partnerships
Remove Ads and Go Orange
Feedback
Television
TV Characters
TV Show
Sitcom
Network
Friends
Reality Shows
Cast
South Park
Star Trek
The Simpsons
Doctor Who
Television
TV Characters
TV Show
Sitcom
Network
Friends
Reality Shows
Cast
South Park
Star Trek
The Simpsons
Doctor Who
Random Quiz
Search Sporcle
×
Quiz Lab
Quiz Lab
Television
TV Show
Type in answers that appear in a list
Type in answers that appear in a list
Classic
Best Score? Go Orange.
TNT Dallas Characters Stats
Can you name the TNT Dallas Characters?
By
sergiosantamaria
5m
24 Questions
185 Plays
185 Plays
185 Plays
Comments
Comments
Give Quiz Kudos
Give Quiz Kudos
-
- Ratings
hide this ad
More Info
Replay
Link that replays current quiz
Next Quiz
Link to next quiz in quiz playlist
You Got
0%
They Got
Avg Score
56%
Avg Friend Score
Upgrade to see
Score Distribution
Jump to the score distribution portion of the page
Score
0/24
Timer
05:00
0
Plays Today
Actor/Actress
Character
% Correct
Larry Hagman
JR Ewing
99.5%
Patrick Duffy
Bobby Ewing
98.9%
Linda Gray
Sue Ellen Ewing
96.2%
Josh Henderson
John Ross Ewing, III
91.9%
Ken Kercheval
Cliff Barnes
87.6%
Jesse Metcalfe
Christopher Barnes Ewing
87%
Julie Gonzalo
Pamela Rebecca Barnes
83.2%
Emma Bell
Emma Brown Ryland
78.4%
Brenda Strong
Ann Ewing
77.3%
Mitch Pileggi
Harris Ryland
68.6%
Ted Shackelford
Gary Ewing
68.1%
Jordana Brewster
Elena Ramos
67.6%
Actor/Actress
Character
% Correct
Alex McKenna
Becky Sutter
45.9%
Judith Light
Judith Ryland
44.3%
Kuno Becker
Drew Ramos
43.8%
Kevin Page
Bum
39.5%
Callard Harris
Tommy Sutter
29.7%
Marlene Forte
Carmen Ramos
27.6%
Leonor Varela
Marta Del Sol
27%
Faran Tahir
Frank Ashkani
25.4%
Carlos Bernard
Vicente Cano
19.5%
Lee Majors
Ken Richards
19.5%
Alex Fernandez
Roy Vickers
18.4%
Glenn Morshower
Lou Rosen
15.7%
Quiz Playlist
Details
Report
Send in Message
Add To Playlist
More Info:
Rise To Power refers to the game on DallasTNT's website, where watchers declare allegiance to characters.
Classic:
Type in answers that appear in a list
Quiz Source
Last Updated: Feb 16, 2017
Quiz Scoreboard
CHALLENGE
Sign Up to Join the Scoreboard
Show All
Scores
Hide
Comments
May contain spoilers
Recently Published
Presidents Visiting Landmarks
by Hejman
History
7m
An Introduction to Baseball
by treessimontrees
Sports
5m
Movies - When Are They Set?
by FPL_Elf
Movies
5m
More to Explore
Quiz From the Vault
Featured Blog Post
Where Did the Easter Bunny Come From?
hide this ad
You Might Also Like...
Tags
TV Show Quiz
Character
dallas
Drama
Dramatic
tnt
Today's Top Quizzes in Television
Browse Television
hide this ad
Today's Top Quizzes in TV Show
Browse TV Show
Top Contributed Quizzes in Television
1
5-to-1: The Simpsons Families
2
One Piece Logic Puzzle
3
5-to-1: Television Doctors
4
7-to-1: TV Show Settings
5
5-to-1: Streaming Originals
6
Survivor Logic Puzzle: Heroes vs. Villains
7
Survivor Seasons
8
Survivor Season by Logo
9
One Thing in Common: Television
10
Survivor Trivia
Explore More
Trending Topics
Kpop
NBA
Disney
Harry Potter
Crossword
Marvel
Anime
Song
Pokémon
Country
WWE
The Office
Soccer
Puzzle
NFL
hide this ad
More By:
sergiosantamaria
Quiz
Plays
Rating
Category
Featured
Created
Every NBA Individual Award-Winner
22,075
4.75
Sports
May 16, 2013
2012-13 NBA MVP Vote-Getters
5,911
4.11
Sports
May 5, 2013
NBA Legends By Action Figure: 2
5,162
3.38
Sports
May 1, 2013
NFL, MLB, NBA: Active & 2 Or More Rings
3,699
3.74
Sports
Apr 17, 2013
60 Second Blitz: 2013 NBA Playoff Seeds
3,676
4.00
Sports
Apr 18, 2013
Go to Creator's Profile
Score Distribution
Quiz Creator Spotlight
sergiosantamaria
Follow
Send a Message
Quizzes Created
-
Created Quiz Play Count
-
More By This Creator
Popular Quizzes Today
1
Find the US States - No Outlines Minefield
2
Find the Countries of Europe - No Outlines Minefield
3
The Countries of the World
4
Find the US States
5
Popular People in 1961
6
US States
7
Risky Map Clicking: Biggest States A-Z
8
Movies - When Are They Set?
More Television Quizzes
'Gilmore Girls' last names
Quiz Lab
Trending Quizzes
Risky Map Clicking: Least Populous States A-Z
1-10 Letter G Words
1-10 Letter F Words
Risky Map Clicking: Next State Alphabetically
Risky Map Clicking: Biggest States A-Z
Recently Updated
Leaping Animals
pecheneg
Reality TV Shows (A-Z)
bhenderson79
Rickey Henderson's Hall of Fame Teammates
pecheneg
Champions League XIs: Arsenal
pecheneg
Quick Pick: Celebrities in WWE's Hall of Fame
aduchscher
A-Z Keypad Blitz II
pecheneg
Multiple Oscar Actors
pecheneg
Mystery Phrase Blitz: Oscar 'Best Actors'
pecheneg
F. Scott Fitzgerald Novels
LTH
Pick 3 Villains
ddd62291
Trending Topics
Harry Potter
NBA
Kpop
Disney
Anime
Crossword
Marvel
The Office
WWE
Soccer
Song
Puzzle
NFL
Country
Pokémon
Your Account Isn't Verified!
In order to create a playlist on Sporcle, you need to verify the email address you used during registration. Go to your
Sporcle Settings
to finish the process.
Report this User
Report this user for behavior that violates our
Community Guidelines
.
Details:
Send Report
Go to the Sporcle.com Mobile Site →
Comments